Pokemon - Les attaques de Méganium - Statistiques

Statistiques générales
  • Ce quiz a été pris 31 fois
  • Le résultat moyen est 10 sur 16
Statistiques - réponses
Niveaux Types Noms des attaques % Correct
Départ Niveau 6 Plante Tranch'Herbe
100%
Départ Normal Charge
94%
Niveau 66 Plante Lance-Soleil
83%
Niveau 40 Psy Mur Lumière
72%
Départ Niveau 9 Poison Poudre Toxik
72%
Niveau46 Normal Plaquage
67%
Niveau 18 Psy Protection
67%
Départ Normal Rugissement
67%
Niveau 22 Plante Feuille Magik
61%
Départ Évolution Plante Danse-Fleur
56%
Départ Niveau 70 Plante Tempête Florale
56%
Niveau 12 Plante Synthèse
50%
Niveau 60 Plante Aromathérapie
44%
Niveau 34 Normal Doux Parfum
44%
Niveau 54 Normal Rune Protect
33%
Niveau 26 Normal Don Naturel
28%
Aucun quiz correspondant
Distribution des résultats
% des personnes avec chaque résultat
Percentile par nombre de réponses
Votre historique - résultats
Vous n’avez pas pris ce quiz